Bilecik Bilecik Bilecik Bilecik Bilecik

Gülhan Kara ile sihirli mutfak/ (Record no. 22827)

MARC details
000 -BAŞLIK
Sabit Uzunluktaki Kontrol Alanı 01107nam a22003617a 4500
001 - KONTROL NUMARASI
Control Dosyası 0022872
003 - KONTROL NUMARASI KİMLİĞİ
Kontrol Alanı KOHA_MİRAKIL
005 - EN SON İŞLEM TARİHİ ve ZAMANI
Kontrol Alanı 20260207002357.0
007 - FİZİKSEL TANIM SABİT ALAN - GENEL BİLGİ
Sabit uzunluklu kontrol alanı ta
008 - SABİT UZUNLUKTAKİ VERİ ÖGELERİ - GENEL BİLGİ
Sabit Alan 101013b2008 tu |||gr||||#||||0|tur |
020 ## - ISBN - ULUSLARARASI STANDART KİTAP NUMARASI
Isbn 9786051060330
040 ## - KATALOGLAMA KAYNAĞI
Özgün Kataloglama Kurumu TR-BiSEU
Kataloglama Dili tur
Çeviri Kurumu TR-BiSEU
Açıklama Kuralları rda
041 0# - DİL KODU
Metin ya da ses kaydının dil kodu tur
044 ## - YAYINLAYAN/ÜRETEN KURULUŞUN ÜLKE KODU
ISO country code tu
050 ## - SINIFLAMA ve YER NUMARASI
Sınıflama Numarası TX714
Yer Numarası .K37 2008
100 1# - KİŞİ ADI
Yazar Adı (Kişi adı) Kara, Gülhan.
245 1# - ESER ADI BİLDİRİMİ
Başlık Gülhan Kara ile sihirli mutfak/
Sorumluluk Bildirimi Gülhan Kara ; Gülhan Kara.
250 ## - BASIM BİLDİRİMİ
Basım Bildirimi 1. bs.
264 #1 - ÜRERİM, YAYIN, DAĞITIM ve TELİF BİLDİRİMİ
Yayın yeri İstanbul :
Yayınlayan Alfa Yayınları
Yayın tarihi 2008
300 ## - FİZİKSEL TANIMLAMA
Sayfa, Cilt vb. 399, [7] sayfa: resimli; 25 cm.
336 ## - İÇERİK TÜRÜ
Content type term metin
Content type code txt
Source rdacontent
337 ## - MEDYA TÜRÜ
Media type term aracısız
Media type code n
Source rdamedia
338 ## - TAŞIYICI TÜRÜ
Carrier type term cilt
Carrier type code nc
Source rdacarrier
490 1# - DİZİ BİLDİRİMİ
Dizi Bildirimi Alfa yayınları ;
Cilt Numarası 1937.
490 1# - DİZİ BİLDİRİMİ
Dizi Bildirimi Yemek kültürü ;
Cilt Numarası 24
500 ## - GENEL NOT
Genel Not Tamamı denenmiş, yapımı kolay, lezzetli ve sağlıklı 300 tarif.
650 #0 - KONU BAŞLIĞI EK GİRİŞ - KONU TERİMİ
Konusal terim veya coğrafi ad Yemek pişirme.
9 (RLIN) 47600
650 #0 - KONU BAŞLIĞI EK GİRİŞ - KONU TERİMİ
Konusal terim veya coğrafi ad Türk mutfağı.
9 (RLIN) 13283
650 #0 - KONU BAŞLIĞI EK GİRİŞ - KONU TERİMİ
Konusal terim veya coğrafi ad Yemek kültürü.
9 (RLIN) 13284
830 1# - SERİ EK GİRİŞİ - TEKBİÇİM ESER ADI
Tekbiçim Başlık Alfa yayınları ;
Volume number/sequential designation 1937.
9 (RLIN) 3219
830 1# - SERİ EK GİRİŞİ - TEKBİÇİM ESER ADI
Tekbiçim Başlık Yemek kültürü ;
Volume number/sequential designation 24
9 (RLIN) 47609
942 ## - EK GİRİŞ ÖGELERİ (KOHA)
Source of classification or shelving scheme Library of Congress Classification
Koha item type Book
Holdings
Materyal Türü Kalıcı Konum Mevcut Konum Raf Yeri Sınıflandırma Kaynağı Edinim Bilgisi Ana Konular Alt Konular Yer Numarası Demirbaş Numarası Fatura Tarihi Geri Çekilme Durumu Kayıp Durumu Hasarlı Durumu Kredi için değil Kayıt Tarih Toplam Ödünçverme Son Görülme Tarihi Son Kontrol Tarihi Genel / Bağış Notu
Book Prof. Dr. Azmi Özcan Kütüphanesi Prof. Dr. Azmi Özcan Kütüphanesi Birûni Salonu Library of Congress Classification Bağış TEKNOLOJİ Ev Ekonomisi TX714 .K37 2008 0022872 02/02/2026         13/10/2010 4 02/06/2025 02/06/2025 Genel Bağış